<?xml version="1.0" encoding="UTF-8"?>
<record
    xmlns:xsi="http://www.w3.org/2001/XMLSchema-instance"
    xsi:schemaLocation="http://www.loc.gov/MARC21/slim http://www.loc.gov/standards/marcxml/schema/MARC21slim.xsd"
    xmlns="http://www.loc.gov/MARC21/slim">

  <leader>01702nam a22001817a 4500</leader>
  <controlfield tag="003">IT-MiCISF</controlfield>
  <controlfield tag="005">20200929162228.0</controlfield>
  <controlfield tag="008">200929b           ||||| |||| 00| 0 eng d</controlfield>
  <datafield tag="040" ind1=" " ind2=" ">
    <subfield code="c">IT-MiCISF</subfield>
  </datafield>
  <datafield tag="041" ind1=" " ind2=" ">
    <subfield code="a">it</subfield>
  </datafield>
  <datafield tag="100" ind1=" " ind2=" ">
    <subfield code="a">Lucchini Fabio</subfield>
    <subfield code="9">58547</subfield>
  </datafield>
  <datafield tag="245" ind1=" " ind2=" ">
    <subfield code="a">Il gioco d'azzardo problematico</subfield>
    <subfield code="b">Politiche e impatti sociali</subfield>
  </datafield>
  <datafield tag="260" ind1=" " ind2=" ">
    <subfield code="a">Milano</subfield>
    <subfield code="b">Franco Angeli</subfield>
    <subfield code="c">2020</subfield>
  </datafield>
  <datafield tag="300" ind1=" " ind2=" ">
    <subfield code="a">pp. 91</subfield>
  </datafield>
  <datafield tag="500" ind1=" " ind2=" ">
    <subfield code="a">societ&#xE0;, gioco-d'azzardo</subfield>
  </datafield>
  <datafield tag="520" ind1=" " ind2=" ">
    <subfield code="a">Un testo per gli studenti dei corsi di Sociologia, Scienza politica ed Economia, ma anche per i policymaker interessati a conoscere dati e acquisire metodologie per affrontare un tema al centro del dibattito pubblico. &#xC8; ormai riconosciuto quanto siano rilevanti le ripercussioni economiche, psicologiche e relazionali dei comportamenti di gioco eccessivo sull'individuo e il suo ambiente sociale. Con l'aumento delle occasioni di gioco a partire dai primi anni Duemila, anche in Italia questo tema &#xE8; assurto agli onori della cronaca, generando allarme sociale, mobilitando l'opinione pubblica e attivando i decisori politici a livello locale e nazionale. Partendo da queste premesse, il volume intende approfondire in maniera sistematica l'impatto del gioco d'azzardo problematico, riflettendo sulla riconosciuta associazione tra indicatori di posizione sociale e fenomeni connessi alla salute. Dopo un'attenta descrizione delle politiche sul gambling e un'analisi sociologica del profilo dei giocatori problematici, nel volume viene presentata la pi&#xF9; recente ricerca italiana dedicata ai costi sociali del fenomeno (sanitari, di disoccupazione e mancata produttivit&#xE0;, associati a suicidi, rotture familiari e problemi legali).</subfield>
  </datafield>
  <datafield tag="942" ind1=" " ind2=" ">
    <subfield code="2">ddc</subfield>
    <subfield code="c">BK</subfield>
  </datafield>
  <datafield tag="999" ind1=" " ind2=" ">
    <subfield code="c">358944</subfield>
    <subfield code="d">358944</subfield>
  </datafield>
  <datafield tag="952" ind1=" " ind2=" ">
    <subfield code="0">0</subfield>
    <subfield code="1">0</subfield>
    <subfield code="2">ddc</subfield>
    <subfield code="4">0</subfield>
    <subfield code="6">B_7606_000000000000000</subfield>
    <subfield code="7">1</subfield>
    <subfield code="a">CISF</subfield>
    <subfield code="b">CISF</subfield>
    <subfield code="d">2020-09-29</subfield>
    <subfield code="l">0</subfield>
    <subfield code="o">b7606</subfield>
    <subfield code="p">9788889179088</subfield>
    <subfield code="r">2020-09-29 00:00:00</subfield>
    <subfield code="w">2020-09-29</subfield>
    <subfield code="y">BK</subfield>
  </datafield>
</record>
